| 000 | 00680nam a22002177a 4500 | ||
|---|---|---|---|
| 005 | 20130521113656.0 | ||
| 010 | _aB-504893-900 | ||
| 020 |
_a9788130912943 _c1995.00 |
||
| 035 | _aB-504893-900 | ||
| 037 | _bUBH/Ven | ||
| 082 | _a482.03 | ||
| 100 | _aHendrickson, Robert | ||
| 245 |
_aWorld And Phase Origins / _cby Robert Hendrickson |
||
| 250 | _a4th | ||
| 260 |
_aNew York _bFacts on File,Inc _cc2012 |
||
| 270 |
_a132,West 31st Street _bNew York _e10001 |
||
| 300 |
_a948p. _c28cm(Hb). |
||
| 500 | _aIt include index | ||
| 942 |
_2ddc _cEN _mHEN _h482.03 |
||
| 999 |
_c74426 _d74426 |
||